• 首页
  • 本馆介绍
  • 公告通知
  • 最新文献
  • 馆藏检索
  • 电子资源
  • 读者导购
  • 参考咨询
  • 我的图书馆
  • 登录
  • 详细信息显示
  • 放入我的书架
  • 预约/预借图书
  • 作者相关作品
  • 分类相关作品
  • 丛书相关作品
  • 出版社相关作品

书目信息

  • 表格格式
  • 工作单格式
  • 卡片格式
题名:
发展中国家经济贸易概况
    
 
作者: 韩克信 主编
分册:  
出版信息: 北京   中国对外经济贸易出版社  北京
页数: 366页
开本: 19cm
丛书名:
单 册:
中图分类: F112.1
科图分类:
主题词: 经济--世界 , 国际经济关系
电子资源:
ISBN:
000 00612nam0 2200217 45
001 0302241507
005 20040425082723.9
010    @dCNY1.80
091    @a4222.51
100    @a20030224d北京 km y0chiy0120 ea
101 0  @achi
105    @a z 000yy
200 1  @a发展中国家经济贸易概况@AFa Zhan Zhong Guo Jia Jing Ji Mao Yi Gai Kuang@f韩克信主编@FHan Ke Xin Zhu Bian
210    @a北京@c中国对外经济贸易出版社@d北京
215    @a366页@d19cm
606 0  @a经济@x世界
606 0  @a国际经济关系
690    @aF112.1@v3
701  0 @a韩克信@4主编
801    @aCN@bTSTC@c20030224
905    @dF112.1@e35@f1@b138689
    
    发展中国家经济贸易概况/韩克信主编.-北京:中国对外经济贸易出版社,北京
    366页;19cm
    
    
    ISBN :CNY1.80
    
●
相关链接 在E读中查询图书 在五车中查询图书 在当当中查询图书 在豆瓣中查询图书


正题名:发展中国家经济贸易概况     索取号:F112.1/35         预约/预借

序号 登录号 条形码 馆藏地/架位号 状态 备注
1 0138689   000196371   第一样本阅览室/ [索取号:F112.1/35] 在馆    
2 0138690   001754408   密集书库/ [索取号:F112.1/35] 在馆    
3 0138691   001754364   密集书库/ [索取号:F112.1/35] 在馆    
4 0138692   001754024   密集书库/ [索取号:F112.1/35] 在馆    
5 0138693   001754328   密集书库/ [索取号:F112.1/35] 在馆    
唐山师范学院图书馆 欢迎您!
大连网信软件有限公司© 版权所有